000 00593nam a2200169 a 4500
001 000029422
005 20200930055535.0
008 110415s1951 dr ac 000 0 spa d
040 _aDO-SdBNP
_bspa
_cBNPHU
082 _axxx
_bS456s
245 0 1 _aLos seguros sociales en la República Dominicana.
260 _aCiudad Trujillo, República Dominicana :
_bEditora Montalvo,
_c1951.
300 _a31 p. :
_bil., retrs. ;
_c29 cm.
490 1 _aPublicaciones de la Caja dominicana de seguros sociales
830 0 _aPublicaciones de la Caja dominicana de seguros sociales ;
_956302
049 _aBNPD
999 _c28914
_d28914